000 00774cam a2200241 4500
001 5990
010 _a9722611313
021 _b67418/93
090 _a5990
100 _a20211231d1993 a||y0pory5003 ba
200 1 _aOs mais belos contos da Rússia
_fil. Mariana Beliayeva
_gtrad. Carlos José Marques Duarte de Jesus
210 9 _a[Porto]
_cCivilização
_dimp. 1993
215 _a98, [2] p.
_cmuito il.
_d30 cm
225 2 _aGrandes Ilustradores da escola Russa
606 _914
_aLiteratura infantil
606 _913
_aLiteratura Estrangeira
675 _a82-93
_vBN
_zpor
675 _a821.1/.8
_vBN
_zpor
702 _aBeliayeva
_bMariana
_95668
702 _aJesus
_bCarlos José Marques Duarte de
_94562
801 0 _aPT
_bBMVN
_gRPC
830 _cAna Caetano
_d31/12/2021
990 _cLIVROS